La mamá de la lluvia y otros cuentos de Güicán de la Sierra / (Registro nro. 59142)

Detalles MARC
000 -CABECERA
Longitud fija campo de control 02088nam a2200373 c 4500
003 - • IDENTIFICADOR DELl NÚMERO DE CONTROL
Identificador del número de control CO-BoRNBP
005 - • FECHA Y HORA DE LA ÚLTIMA TRANSACCIÓN
Fecha y hora de la última transacción 20250911221306.0
007 - • CAMPO FIJO DE DESCRIPCIÓN FÍSICA
Campo fijo de descripción física ta
008 - • CÓDIGOS DE INFORMACIÓN DE LONGITUD FIJA
Códigos de información de longitud fija 231023s2023 ck a ||jr ||| 00| 0 spa d
020 ## - • NÚMERO INTERNACIONAL NORMALIZADO PARA LIBROS
Número Internacional Normalizado para Libros (ISBN) 9786289524031
040 ## - FUENTE DE LA CATALOGACIÓN
Centro catalogador de origen CO-BoRNBP
Lengua de catalogación spa
Normas de descripción rda
Centro transcriptor CO-BoRNBP
041 0# - • CÓDIGO DE LENGUA
Código de lengua del texto/banda sonora o título independiente spa
043 ## - CÓDIGO DE ÁREA GEOGRÁFICA
Código de área geográfica s-ck---
084 ## - • Clasificación Local Alfanúmerica PNLB
Número de clasificación C
100 ## - • PUNTO DE ACCESO PRINCIPAL-NOMBRE DE PERSONA
Nombre de persona Cobaría Zúe, Lorenzo
Término indicativo de función aut
245 13 - • TITULO PROPIAMENTE DICHO
Título La mamá de la lluvia y otros cuentos de Güicán de la Sierra /
Mención de responsabilidad, etc. Zué Lorenzo Cobardía ; ilustraciones Laura Patiño.
250 ## - • MENCIÓN DE EDICIÓN
Mención de edición Primera edición
264 #1 - PRODUCCIÓN, PUBLICACIÓN , DISTRIBUCIÓN, FABRICACIÓN Y COPYRIGHT
Lugar de producción, publicación, distribución, fabricación Bogotá, Colombia :
Nombre del productor, editor, distribuidor, fabricante Editoriual Monigote,
Fecha de de producción, publicación, distribución, fabricación o copyright 2023
300 ## - • DESCRIPCIÓN FÍSICA
Extensión 149 páginas :
Otras características físicas ilustraciones a blanco y negro
336 ## - TIPO DE CONTENIDO
Término de tipo de contenido texto
Código de tipo de contenido txt
Fuente rdacontent
337 ## - TIPO DE MEDIO
Nombre del tipo de medio sin mediación
Código del tipo de medio n
Fuente rdamedia
338 ## - TIPO DE SOPORTE
Nombre del tipo de soporte volumen
Código del tipo de soporte nc
Fuente rdacarrier
500 ## - • NOTA GENERAL
Nota general Incluye glosario
505 0# - • NOTA DE CONTENIDO CON FORMATO
Nota de contenido con formato Marcelina y el caballo blanco. -- El agualongo. -- La mamá de la lluvia. -- El púlpito del diablo. -- La laguna del silencio. -- El gallo de Juan Paramero. -- El paso de Malpaso. -- La sonajera de aldabas
520 3# - • NOTA DE RESUMEN
Resumen, etc, Este libro reúne ocho cuentos cuyos personajes, tramas y escenarios son oriundos de Güicán de la Sierra, un pueblo ubicado en las faldas de la Sierra Nevada del Cocuy que goza de una fantástica tradición oral de indígenas y campesinos. Su autor, el escritor Zué Lorenzo Cobaría creció allí, en las tierras más altas de Boyacá, escuchado las historias que los indígenas U'wa contaban sobre los espíritus de la naturaleza, y las anécdotas que sus abuelos le contaban sobre apuestas, borrachines, hechiceras, parteras, culebreros y milagros de la Virgen Morenita, la santa patrona del pueblo, cuyo manto cobija día a sus habitantes
521 ## - • NOTA DE PÚBLICO DESTINATARIO
Nota público destinatario (R ) Recomendado para un público mayor de 12 años
545 ## - DATOS BIOGRÁFICOS O HISTÓRICOS
Datos bigr´ficos o históricos Incluye información biográfica de los autores
650 04 - • PUNTO DE ACCESO ADICIONAL DE MATERIA - TÉRMINO DE MATERIA
Término de materia o nombre geográfico como elemento inicial Cuentos juveniles colombianos
Subdivisión cronológica Siglo XXI
Fuente del encabezamiento o término LEMB
650 04 - • PUNTO DE ACCESO ADICIONAL DE MATERIA - TÉRMINO DE MATERIA
Término de materia o nombre geográfico como elemento inicial Literatura juvenil Colombiana
Subdivisión cronológica Siglo XXI
Fuente del encabezamiento o término LEMB
650 07 - • PUNTO DE ACCESO ADICIONAL DE MATERIA - TÉRMINO DE MATERIA
Término de materia o nombre geográfico como elemento inicial Lluvia en la literatura
Fuente del encabezamiento o término lemb
700 1# - • PUNTO DE ACCESO ADICIONAL - NOMBRE DE PERSONA
Nombre de persona Patino, Laura
942 ## - ENTRADA DE ELEMENTOS AGREGADOS (KOHA)
Fuente de clasificaión o esquema
Koha [por defecto] tipo de item Libro Literatura
Existencias
Perdido Fuente de clasificación o esquema Estado Físico No para préstamo Forma de adquisición Localización permanente Localización actual Localización en estanterías Fecha adquisición Préstamos totales Signatura completa Código de barras Fecha última consulta Número de copia Fecha del precio de reemplazo Tipo de item de Koha
  Dewey Decimal Classification     Colección General Biblioteca Pública La Macarena Biblioteca Pública La Macarena Literatura 09/11/2025   C COB1 LM03464 09/11/2025 Ej.1 09/11/2025 Libro Literatura









Instituto Departamental de Cultura del Meta - Red Departamental de Bibliotecas Públicas del Meta.